| 000 | 01286nam a2200313 a 4500 | ||
|---|---|---|---|
| 001 | ebr10671101 | ||
| 003 | CaPaEBR | ||
| 006 | m u | ||
| 007 | cr cn||||||||| | ||
| 008 | 130326s2009 nyu sb 001 0 eng d | ||
| 020 | _z9781607419969 | ||
| 020 | _z9781614702153 (e-book) | ||
| 040 |
_aCaPaEBR _cCaPaEBR |
||
| 035 | _a(OCoLC)777548892 | ||
| 050 | 1 | 4 |
_aHF5626 _b.M37 2009eb |
| 082 | 0 | 4 |
_a657 _223 |
| 245 | 0 | 0 |
_aMark to market and fair value accounting _h[electronic resource] : _ban examination / _cJames W. Curtis, editor. |
| 260 |
_aNew York : _bNova Science Publishers, Inc., _c2009. |
||
| 300 | _aviii, 249 p. | ||
| 490 | 1 | _aBusiness economics in a rapidly-changing world series | |
| 504 | _aIncludes bibliographical references and index. | ||
| 533 |
_aElectronic reproduction. _bPalo Alto, Calif. : _cebrary, _d2013. _nAvailable via World Wide Web. _nAccess may be limited to ebrary affiliated libraries. |
||
| 650 | 0 |
_aFair value _xAccounting _xStandards. |
|
| 655 | 7 |
_aElectronic books. _2local |
|
| 700 | 1 | _aCurtis, James W. | |
| 710 | 2 | _aebrary, Inc. | |
| 830 | 0 | _aBusiness economics in a rapidly-changing world series. | |
| 856 | 4 | 0 |
_uhttp://site.ebrary.com/lib/rucke/Doc?id=10671101 _zAn electronic book accessible through the World Wide Web; click to view |
| 999 |
_c62286 _d62286 |
||